OGASUSU NA OKANYAMBU (Record no. 216827)

MARC details
000 -LEADER
fixed length control field 00428nam a22001457a 4500
008 - FIXED-LENGTH DATA ELEMENTS--GENERAL INFORMATION
fixed length control field 260311b |||||||| |||| 00| 0 eng d
020 ## - INTERNATIONAL STANDARD BOOK NUMBER
International Standard Book Number 978-9966-1779-5-7
100 ## - MAIN ENTRY--PERSONAL NAME
Personal name OKEMWA CHRISTOPHER
245 ## - TITLE STATEMENT
Title OGASUSU NA OKANYAMBU
260 ## - PUBLICATION, DISTRIBUTION, ETC.
Place of publication, distribution, etc. KISII
Name of publisher, distributor, etc. KISTRECH THEARTE INTERNATIONAL
Date of publication, distribution, etc. 2015
300 ## - PHYSICAL DESCRIPTION
Extent 33P.
700 ## - ADDED ENTRY--PERSONAL NAME
Personal name 1. GUSII, (AFRICAN PEOPLE) FOLKLORE 2. ORAL TRADITION - KENYA
942 ## - ADDED ENTRY ELEMENTS (KOHA)
Source of classification or shelving scheme Library of Congress Classification
Koha item type Long Loan Book
Holdings
Withdrawn status Lost status Source of classification or shelving scheme Damaged status Not for loan Collection Home library Current library Shelving location Date acquired Inventory number Total checkouts Full call number Barcode Date last seen Copy number Price effective from Koha item type
    Library of Congress Classification     Arts & Social Sciences Kisii University Library Kisii University Library On Display 03/11/2026 112388   PZ 90 O44 2015 a001151 03/11/2026 1 03/11/2026 Long Loan Book
    Library of Congress Classification     Arts & Social Sciences Kisii University Library Kisii University Library On Display 03/11/2026 112389   PZ 90 O44 2015 a001152 03/11/2026 2 03/11/2026 Long Loan Book
    Library of Congress Classification     Arts & Social Sciences Kisii University Library Kisii University Library On Display 03/11/2026 112390   PZ 90 O44 2015 a001153 03/11/2026 3 03/11/2026 Long Loan Book
    Library of Congress Classification     Arts & Social Sciences Kisii University Library Kisii University Library On Display 03/11/2026 112391   PZ 90 O44 2015 a001154 03/11/2026 4 03/11/2026 Long Loan Book
    Library of Congress Classification     Arts & Social Sciences Kisii University Library Kisii University Library On Display 03/11/2026 112392   PZ 90 O44 2015 a001155 03/11/2026 5 03/11/2026 Long Loan Book